Bino /

Bibliographic Details
Main Author: Gray, A. W. (Albert William)
Format: Book
Language:English
Published: New York : Dutton, [1988]
Edition:1st ed.

MARC

Tag First Indicator Second Indicator Subfields
LEADER 00000cam a2200000 a 4500
001 in00000027990
005 20151007054704.0
008 870702s1988 nyu 00011 eng
010 |a  87019929  
020 |a 0525245901 
035 |a (OCoLC)16226998 
035 |9 AAB5939AM 
040 |a DLC  |c DLC  |d TXA  |d UtOrBLW 
049 |a TXAM  |c [A11503636] 
050 0 0 |a PS3557.R2914  |b B5 1988 
082 0 |a 813/.54  |2 19 
100 1 |a Gray, A. W.  |q (Albert William) 
245 1 0 |a Bino /  |c A.W. Gray. 
250 |a 1st ed. 
264 1 |a New York :  |b Dutton,  |c [1988] 
264 4 |c ©1988 
300 |a 200 pages ;  |c 22 cm. 
336 |a text  |b txt  |2 rdacontent 
337 |a unmediated  |b n  |2 rdamedia 
338 |a volume  |b nc  |2 rdacarrier 
999 |a MARS 
999 f f |s 3a2b35b7-35c8-3bdb-9dd4-d5324b921c91  |i c2a08c03-206c-3eec-b14a-42f024f4ffeb  |t 0 
952 f f |p ric  |a Texas A&M University  |b Rellis Campus  |c Joint Library Facility  |d Remote Storage  |t 0  |e PS3557.R2914 B5 1988  |h Library of Congress classification  |i unmediated -- volume  |m A14811503636 
998 f f |a PS3557.R2914 B5 1988  |t 0  |l Remote Storage